000 00888nam a22002055i 4500
001 161983
003 ES-MaACL
005 20230906212410.0
008 041025q1889 sp |||| | spa d
100 1 _aPeset y Cervera, Vicente.
_991439
245 1 0 _aPasado, presente y porvenir de las farmacopeas :
_bdiscurso leído en la sesión inaugural de la Academia de Medicina de Valencia el día 27 de enero de 1889 /
_cpor Vicente Peset y Cervera.
260 _aMadrid :
_bAdministración Magdalena, núm. 13,
_c[1889]
300 _a51 p. ;
_c16 cm.
490 1 _aBiblioteca de la medicina práctica
650 4 _aFarmacopeas.
_9147771
710 2 _aReal Academia de Medicina de Valencia.
_96322
830 1 _aBiblioteca de la medicina práctica
_9222162
852 _aES-MaACL
_jT-606-F-5
_z- Enc. hol., conservando cub. original
_z- Enc. en un vol. facticio
999 _c161983
_d161983